Игры Масок: роман

מידע ביבליוגרפי
מחבר ראשי: Кош А. Алекс
סיכום:Экстрим и стремление к самосовершенствованию у них в крови. Превосходя физическими способностями обычных людей, идя по тонкой грани между жизнью и смертью, они получают нечто гораздо большее, чем просто дозу адреналина. Лучшие из лучших заслуживают право прикоснуться к тайнам древних боевых искусств и познать мир неизведанных возможностей человеческого организма. Чудовищная сила и невероятная ловкость, управление внутренней энергией и повелевание древними духами... Кто-то называет это магией, кто-то мистикой, на самом же деле все это результат долгих и изнурительных тренировок.
שפה:רוסית
יצא לאור: Москва, Армада, 2009
סדרה:Фантастический боевик
נושאים:
פורמט: MixedMaterials ספר
KOHA link:https://koha.lib.tpu.ru/cgi-bin/koha/opac-detail.pl?biblionumber=204757

MARC

LEADER 00000nam0a2200000 4500
001 204757
005 20231031190122.0
010 |a 9785992204353 
035 |a (RuTPU)RU\TPU\book\223197 
090 |a 204757 
100 |a 20111201d2009 m y0rusy50 ca 
101 0 |a rus 
102 |a RU 
105 |a y z 000ay 
200 1 |a Игры Масок  |e роман  |f А. Кош 
210 |a Москва  |c Армада  |c Альфа-книга  |d 2009 
215 |a 474 с. 
225 1 |a Фантастический боевик 
330 |a Экстрим и стремление к самосовершенствованию у них в крови. Превосходя физическими способностями обычных людей, идя по тонкой грани между жизнью и смертью, они получают нечто гораздо большее, чем просто дозу адреналина. Лучшие из лучших заслуживают право прикоснуться к тайнам древних боевых искусств и познать мир неизведанных возможностей человеческого организма. Чудовищная сила и невероятная ловкость, управление внутренней энергией и повелевание древними духами... Кто-то называет это магией, кто-то мистикой, на самом же деле все это результат долгих и изнурительных тренировок. 
610 1 |a русская литература 
610 1 |a боевики 
610 1 |a фантастика 
610 1 |a приключения 
675 |a Р2  |v 3 
700 1 |a Кош  |b А.  |g Алекс 
801 1 |a RU  |b 63413507  |c 20111201 
801 2 |a RU  |b 63413507  |c 20111209  |g RCR 
942 |c BK